| 000 | 02903c a2200289 4500 | ||
|---|---|---|---|
| 005 | 20140903175125.0 | ||
| 008 | 940628s1869 sp fr 001 0 mul d | ||
| 040 |
_aUCAR _cSandra Yazo _dSandra Yazo |
||
| 041 | 0 |
_aspa _agre |
|
| 082 | 0 | 4 |
_220 _a340.56 |
| 092 | _aE30N019 | ||
| 100 | 1 |
_aGómez de la Serna, Pedro _d1807-1871 _962108 |
|
| 245 | 1 | 2 |
_aD.Justiniano Institutionum Libri IV ... _bCurso histórico-exegético del derecho romano comparado con el español. _cpor Pedro Gómez de la Serna |
| 250 | _aCuarta edición. | ||
| 260 | 1 |
_aMadrid _bLibrería de Sánchez _bImprenta de A. Peñuelas _c1869 |
|
| 300 |
_a2 volúmenes (xvi, 110, 620 ; 712 páginas ) _b25 x 16 cm. |
||
| 500 | _aDetalles físicos: Encuadernación rígida en cartón forrada en cuero, lomo con tejuelo y adornos en dorado. Guardas en papel de agua. Portada impresa en una tinta. Texto en una y dos columnas, notal al pie de página, márgenes amplias. Papel manchado. | ||
| 505 | 2 | _aV.1: Prólogo, Instituciones del Emperador Justiniano ; Libro primero: De la justicia y del derecho ; Del derecho natural, del gentes y civil ; Del derecho de las personas ; De los ingenuos ; De los libertinos ; De las personas que no pueden manumitir, y de las cuales que impiden hacerlo ; De la abrogación de la ley Furia Caninia ; De los que son dueños de sí mismos y de los que están sujetos a potestad ajena ; De la potestad paterna ; De las nupcias ; de las adopciones ; De los modos de disolverse la potestad ; De la tutela -- Libro segundo: De la división de las cosas ; De las cosas incorporales ; De las servidumbres ; Del usufructo ; Del uso y de la habitación ; De la usucapiones y posesiones de mucho tiempo ; De las donaciones ; De las personas que pueden o no enajenar ; De las personas que por medio de las que podemos adquirir -- V.2: Libro tercero: De las herencias abinteslado ; De la sucesión legítima de los agnados ; Del senado-consulto Tertuliano ; Del senado-consulto Orficiano ; De la sucesión de los cognados ; De los grados de cognación ; De la sucesión de los libertos ; De la consignación de los libertos ; De las bonorum posesiones ; De la adquisición de arrogación -- Libro cuarto: De las obligaciones que nacen del delito ; Del robo ; De la ley Aquilia ; De las injurias ; De las obligaciones que nacen como la de un delito ; De las acciones ; De los contratos celebrados con las personas que están en potestad ajena ; De las acciones noxales. | |
| 506 | _aConsulta en sala. | ||
| 546 | _aTexto en español y griego. | ||
| 650 | 7 |
_912722 _aDerecho comparado |
|
| 650 | 7 |
_912765 _aDerecho español |
|
| 650 | 7 |
_912827 _aDerecho romano |
|
| 690 |
_942766 _aDerecho civil |
||
| 856 | 4 | 1 |
_uhttps://www.yumpu.com/es/document/view/13363590/justiniani-institutionum-libri-iv-prout-ad-fidem-mssa-schradero- _zDisponible en línea V.1 |
| 942 |
_cLIBRO _e1 _2DEWEY _h340.56 |
||
| 999 |
_c255400 _d255400 |
||